00482nam a2200085Ia 4500008004100000245002600041300025500067650001600322856005800338170517s9999 xx 000 0 und d aAntibiotic Resistance aAntibiotics constitute one of the most consequential medical advancements of the past century. We rely on them to battle infections and disease, and they're often the first line of defense in emergency rooms and physician offices across the globe.... xTechnology. uhttp://topdocumentaryfilms.com/antibiotic-resistance/